| 000 | 00657nam a2200205 i 4500 | ||
|---|---|---|---|
| 001 | 183334 | ||
| 003 | ES-MaACL | ||
| 005 | 20231102120316.0 | ||
| 008 | 140324s2012 sp |||| | spa d | ||
| 080 | _a929 Artero Bernad, Manuel | ||
| 245 | 0 | 0 | _aManuel Artero al servicio de Huesca. |
| 250 | _a[1ª ed.]. | ||
| 260 |
_aHuesca : _bInstituto de Estudios Altoaragoneses, _c2012. |
||
| 300 |
_a176 p. : _bil. ; _c24 cm. |
||
| 504 | _aReferencias bibliográficas. | ||
| 600 | 1 | 4 |
_aArtero Bernad, Manuel ( _d1910-1973) _9154610 |
| 852 |
_aES-MaACL _jA-13074 _9190273 _bR.149935 _cDEPO1 _dOlim: N-6074 |
||
| 942 |
_2udc _cMONOGRAFIA |
||
| 999 |
_c183334 _d183334 |
||